JR東日本でIKST化が開始してから発車メロディーが変更された駅 - Statistics

General Stats
  • This quiz has been taken 17 times
    4 since last reset
  • The average score is 240 of 376
Answer Stats
変更日 Answer 初登場した曲・消滅した曲などのヒント % Correct
2024年10月9日 横浜 JRE-IKST-007-01・02,JRE-IKST-017-01・02,JRE-IKST-021-01・02,JRE-IKST-015-01・02が初登場
100%
10月24日 新宿 JRE-IKST-006-01・02,009-01・02,01・02,016-01・02,012-01・02,003-01・02,010-01・02が初登場
100%
10月31日 東京 19〜23番線を除く・JRE-IKST-013-01・02,005-01・02,004-01・02,001-01・02が初登場・ドリームパークが消滅
100%
11月12日 新川崎
100%
11月22日 武蔵小杉 淡い恋心が消滅
100%
2月12日 池袋 1〜4番線のみ・JRE-IKST-018-01・02が初登場
100%
大崎 5〜8番線のみ・小川のせせらぎV2が消滅
100%
2月15日 中野 JR-SH3-3が消滅
100%
新橋 春風V1・陽だまりV1が消滅
100%
2月19日 上野 1〜13番線のみ・JRE-IKST-020-01・02・JRE-IKST-021-03が初登場
100%
4月16日 大崎 1・2番線のみ・JRE-IKST-010-03が初登場・海の駅が消滅
100%
4月18日 大崎 3・4番線のみ・JRE-IKST-010-05が初登場・SF10-38が消滅
100%
5月12日 御茶ノ水 JR-SH9-3が消滅
100%
5月20日 西大井
100%
東神奈川
100%
横浜 5・8番線のみ・JRE-IKST-021-05・06が初登場
100%
6月10日 千倉 Cielo Estrellado(上野Ver)が復活
100%
佐原 JR-SH3-3(4t1c)・JR-SH5-1(4t1c)・JR-SH2-1(10t1c)が復活
100%
品川 9・10・13・14番線除く・トレイントレイン・チャイム・おはよう・鉄道唱歌VerB・C・遊園地のある駅・蝶・ML-24が消滅
100%
6月17日 立川 JRE-IKST-016-03が初登場・花のほころびが消滅
100%
品川 6番線のみ・JRE-IKST-021-04が消滅
100%
10月1日 東京 Shine with U(下りVer)が登場
100%
上野 Shine with U(上りVer)・Shine with U(下りVer)が登場・上野ベルが消滅
100%
10月10日 東京
100%
上野 上野ベルが復活
100%
佐原 JRE-IKST-039-02・05・JRE-IKST-047-02が初登場・JR-SH2-1・JR-SH3-3・JR-SH5-1・JR-SH1-3(新標準Ver)が消滅
100%
千倉 Cielo Estrellado(上野Ver)・Gota Del Vient(四街道Ver)が消滅
100%
2026年1月19日 立川 1・2番線のみ、首都圏41番・首都圏41-1番(いずれも仮称)が初登場、首都圏22番・首都圏23番(いずれも仮称)が消滅
100%
11月19日 保土ケ谷
67%
東逗子
67%
11月26日 東戸塚
67%
11月28日 戸塚
67%
12月8日 四街道 Verde Rayo(遅テンポVer)が復活・Gota Del Vient(四街道Ver)が初登場
67%
12月17日 逗子 JRE-IKST-008-03が初登場
67%
2025年1月8日 久里浜
67%
1月10日 北鎌倉
67%
1月13日 鎌倉
67%
1月16日 吉祥寺
67%
1月21日 府中本町 2・3番線のみ・JRE-IKST-002-02が初登場
67%
1月22日 北府中 JRE-IKST-002-01が初登場
67%
1月23日 新小平
67%
1月24日 新秋津
67%
1月28日 東所沢 JRE-IKST-019-01・02が初登場
67%
西日暮里
67%
2月10日 西荻窪 3・4番線のみ
67%
新大久保
67%
神田 1・4・5・6番線のみ
67%
目黒
67%
田町
67%
浜松町
67%
有楽町
67%
2月14日 新日本橋
67%
馬喰町
67%
南千住
67%
2月18日 大宮 3〜11・19〜22番線のみ・JRE-IKST-008-01・JRE-IKST-014-01・02が初登場
67%
さいたま新都心 1・3・4番線のみ
67%
2月21日 津田沼 JRE-IKST-008-02が初登場
67%
西船橋
67%
船橋 ホリデイV2が消滅
67%
2月26日 浦和 3〜6番線のみ・JRE-IKST-021-01・02の微低Verが初登場
67%
三河島
67%
早川
67%
3月4日 真鶴
67%
根府川
67%
熱海
67%
3月27日 高輪ゲートウェイ Glorious Gateway-The theme of TAKANAWA GATEWAY CITY-VerA〜Dが登場
67%
4月11日 土呂 JRE-IKST-021-01・02の微低エコー強調Verが初登場
67%
4月12日 西荻窪 1・2番線のみ
67%
4月15日 北与野
67%
与野本町
67%
南与野
67%
中浦和
67%
武蔵浦和 JRE-IKST-006-04・05が初登場・新たな季節が消滅
67%
北戸田 2番線のみ
67%
戸田 2番線のみ
67%
戸田公園 2番線のみ
67%
4月22日 高円寺 3・4番線のみ
67%
越中島
67%
八丁堀
67%
5月13日 東十条 JRE-IKST-007-01・02微低Verが初登場
67%
大森
67%
大井町
67%
信濃町
67%
東中野
67%
5月15日 西浦和
67%
武蔵浦和 1・2番線のみ
67%
南浦和 5・6番線のみ
67%
東浦和
67%
東川口
67%
5月16日 越谷レイクタウン
67%
吉川
67%
吉川美南
67%
5月19日 来宮
67%
伊豆多賀
67%
網代
67%
田浦
67%
横須賀 JRE-IKST-015-05が初登場
67%
衣笠
67%
5月21日 王子
67%
川崎 3・4番線のみ
67%
鶴見 1・2番線のみ
67%
新子安
67%
5月22日 桜木町 線路は続くよどこまでもVerA〜Cが消滅・JRE-IKST-007-03・05初登場
67%
石川町
67%
新三郷
67%
山手
67%
根岸
67%
5月23日 新杉田
67%
洋光台
67%
港南台
67%
本郷台
67%
5月26日 与野 2番線のみ
67%
北浦和 1番線のみ
67%
南浦和 京浜東北線のみ・JRE-IKST-007-05が事実上初登場・春高音トレモロVerが消滅
67%
67%
西川口 春音飛びVerが消滅
67%
川口
67%
5月27日 赤羽 7・8番線のみ
67%
5月30日 荻窪 1・2番線のみ
67%
6月2日 潮見
67%
新木場
67%
6月3日 板橋 せせらぎ高音Verが消滅
67%
田端 1・2番線のみ
67%
日暮里 11・12番線のみ
67%
平井
67%
錦糸町
67%
6月4日 川越 木々の目覚めV2が消滅
67%
南古谷
67%
指扇
67%
日進 Dance onが消滅
67%
6月5日 検見川浜 緑の車窓が消滅
67%
稲毛海岸 ドリームタイムが消滅
67%
南船橋
67%
新習志野 夏色の時間が消滅
67%
幕張豊砂
67%
千葉みなと JRE-IKST-001-05が初登場・公園の楓・公園通り・九月の風が消滅
67%
6月6日 舞浜 A Whole New World・It's a small worldV2が登場・輝く未来・Let It Go〜ありのままで〜V2が消滅
67%
6月7日 上中里
67%
6月9日 君津
67%
6月10日 飯田橋
67%
大久保
67%
四ツ谷
67%
6月11日 野木
67%
6月13日 間々田
67%
幕張本郷
67%
新検見川
67%
西千葉
67%
本八幡
67%
下総中山
67%
船橋法典
67%
武蔵境
67%
東小金井
67%
武蔵小金井 3・4番線のみ・JRE-IKST-016-04が初登場・木もれ陽の散歩道が消滅
67%
国立
67%
荻窪 3・4番線のみ
67%
日野
67%
西八王子
67%
磯子
67%
6月18日 高尾 四季第一楽章「春」・四季第三楽章「秋」が消滅
67%
上野原
67%
相模湖 JRE-IKST-012-08が初登場
67%
6月19日 猿橋 Sunny Islandsが消滅
67%
鳥沢
67%
梁川 瞬く街並みが消滅
67%
四方津
67%
6月23日 大月 JRE-IKST-012-03が消滅
67%
初狩
67%
笹子
67%
甲斐大和
67%
6月24日 山梨市
67%
東山梨
67%
塩山 JRE-IKST-012-04が初登場
67%
勝沼ぶどう郷 あざみ野V1・ホリデイV1が消滅
67%
日野春
67%
茅ケ崎 3・4番線のみ・JRE-IKST-021-08・10が初登場?・JR-SH6-1が消滅
67%
藤沢 1・2番線のみ・JRE-IKST-021-08・10が初登場?・チャイム3B1が消滅
67%
小淵沢 JRE-IKST-023-02が初登場
67%
6月26日 塩崎
67%
韮崎
67%
新府
67%
穴山
67%
6月27日 竜王 田園浪漫・高原のつぶやきが消滅
67%
甲府 青空と線路が消滅
67%
春日居町
67%
酒折
67%
7月4日 稲毛 JR-SHR4-1・JR-SHR8-3が消滅
67%
幕張 JRE-IKST-003-05・06が初登場・ハッピーガール・朝のドヴィッシー・ジュピターE・幸福の銀レールが消滅
67%
両国 春だより・夢のワルツが消滅
67%
本庄 JR-SH7-1が消滅
67%
桶川 JR-SH8-1が消滅
67%
北本 JR-SH3-1が消滅
67%
7月15日 神保原
67%
新町
67%
倉賀野
67%
高崎 JRE-IKST-025-02・JRE-IKST-026-02が初登場
67%
高崎問屋町
67%
井野
67%
新前橋 星空の下が消滅
67%
7月17日 安中 JRE-IKST-026-01が初登場
67%
7月22日 前橋大島 JRE-IKST-028-01・02が初登場
67%
7月23日 中之条 JRE-IKST-038-01・02が初登場・ジュピターBが消滅
67%
7月25日 富田
67%
8月20日 東大宮 メロディーが消滅
67%
古河 JRE-IKST-021-12・13が初登場
67%
新白岡 すみれの花咲く頃が消滅?
67%
白岡 JRE-IKST-021-04が復活・すみれの花咲く頃が消滅?
67%
8月21日 小山 9・10・12・13番線のみ
67%
小金井 JRE-IKST-021-11・14が初登場・くるみあそびが消滅
67%
自治医大
67%
石橋
67%
宇都宮 5・7〜10番線のみ、首都圏29番・首都圏3-12番初登場・カリフォルニア・シャワー下り/上りVerが消滅
67%
8月25日 上毛高原 JRE-IKST-102が初登場?
67%
本庄早稲田 JRE-IKST-102が初登場?
67%
安中榛名 JRE-IKST-105が初登場・クラルテが消滅
67%
8月26日 熊谷 11〜13番線のみ
67%
9月3日 佐久平 1・2番線のみ
67%
9月4日 上田 JR-SH1-1が消滅
67%
9月12日 雀宮 シンコペーションが消滅
67%
9月16日 ひたち野うしく
67%
藤代
67%
9月17日 久喜 アマリリス・牧場の朝が消滅
67%
高浜
67%
羽鳥 JRE-IKST-013-03・05が初登場
67%
内原
67%
9月18日 勝田
67%
佐和
67%
東海
67%
9月19日 水戸 JRE-IKST-031-01・02・JRE-IKST-013-04初登場・初夏の雪解けの小川のせせらぎ・日本庭園の水と草木・大都会の雑踏の中で聞こえるチャイム・太平洋の海岸での生命の誕生が消滅
67%
新白河 JRE-IKST-101-01・02が初登場
67%
9月24日 勿来
67%
大津港
67%
9月25日
67%
内郷
67%
浦佐 11・12番線のみ
67%
越後湯沢 11〜14番線のみ・JRE-IKST-102-03・04が初登場
67%
9月26日 いわき 3〜6番線のみ・JRE-IKST-036-01・02が初登場・楽興の時・春の歌が消滅
67%
植田
67%
長岡 11・12番線のみ
67%
燕三条 11〜13番線のみ
67%
大宮 Shine with U(上りVer)・Shine with U(下りVer)が登場
67%
大宮 Shine with U(上りVer)・Shine with U(下りVer)が消滅
67%
10月20日 本千葉 JRE-IKST-027-01・02が初登場
67%
銚子 JRE-IKST-039-01・04・JRE-IKST-042-01が初登場・コーラルリーフが消滅
67%
鹿島神宮 JRE-IKST-047-01が初登場
67%
10月21日 宇都宮 首都圏3-12番・首都圏29番が消滅
67%
小山 6・8(・15・16)番線のみ
67%
10月22日 上総一ノ宮 JRE-IKST-027-05が初登場・海岸通り・南風の行方が消滅
67%
大網 1・2番線のみ
67%
成東 JRE-IKST-044-01・02が初登場
67%
東金
67%
10月27日 大網 メロディーの上下逆転を修正
67%
成田 1番線を除く・首都圏35-3番・首都圏35-4番が初登場・窓の花飾り・スイートコール・フラワーショップ・旅立ちBが消滅
67%
勝浦 JR-SH5-3・JR-SH8-3が消滅
67%
四街道
67%
誉田 JR-SHR5-1・JR-SHR7-3が消滅
67%
姉ケ崎
67%
長浦
67%
袖ケ浦 美しき丘が消滅
67%
12月24日 木下 JR-SHR5-3・JR-SHR3-1が消滅
67%
安食 JR-SHR1-3・JR-SHR-9-1が消滅
67%
東我孫子 JR-SHR1-1・JR-SHR2-3が消滅
67%
湖北 JR-SHR3-3・JR-SHR7-1が消滅
67%
小林 JR-SHR6-3・JR-SHR2-1が消滅
67%
新木 JR-SHR6-1・JR-SHR9-3が消滅
67%
布佐 JR-SHR4-3・JR-SHR8-1が消滅
67%
西立川 雨のステイションB・Cが消滅
67%
東中神
67%
中神
67%
昭島
67%
1月20日 福生
67%
牛浜
67%
羽村
67%
小作
67%
1月21日 河辺 首都圏41-2番(仮称)が初登場
67%
東青梅 首都圏41-3番(仮称)が初登場
67%
青梅 首都圏41-4番・首都圏41-5番(いずれも仮称)が初登場、恋の通勤列車・楽々鉄道旅行・フラワーショップが消滅
67%
1月21日 勝浦
67%
1月22日 北上 (0)・1〜3番線のみ、首都圏3-13番(仮称)・東北103番?が初登場
67%
1月23日 盛岡 2〜9番線のみ、首都圏29-1番・東北104番(いずれも仮称)が初登場、Water Crown(高い)が消滅
67%
拝島 1〜3番線のみ?、首都圏41-6番(仮称)が初登場、木々の目覚めV1が消滅
67%
熊川 首都圏41-7番(仮称)が初登場
67%
東秋留
67%
1月27日 秋川
67%
武蔵引田 首都圏41-8番(仮称)が初登場
67%
武蔵増戸
67%
武蔵五日市 朝の静けさ・Farewellが消滅
67%
1月29日 那須塩原 1・2・5番線のみ、電子ベル(那須塩原Ver)が消滅
67%
2月6日 一ノ関 1〜3番線のみ、東北105番(仮称)が初登場、Water Crown(一ノ関Ver)が消滅
67%
青森 3〜6番線のみ、東北106番、東北106-1番、東北106-2番、東北107番(いずれも仮称)が初登場
67%
2月9日 宇都宮 1・4番線のみ、電子ベル(宇都宮Ver)が消滅
67%
小山 1・4・5番線のみ、電子ベル(小山Ver)が消滅
67%
2月10日 大宮 13〜18番線のみ、首都圏42番・東北101-2番が初登場
67%
2月13日 新潟 11〜14番線のみ首都圏30-4番・首都圏30-5番(いずれも仮称)が初登場、電子ベル(新潟Ver)が消滅
67%
2月16日 花巻 首都圏3-14番・首都圏3-15番・東北108番(いずれも仮称)が初登場、Water Crown(花巻Ver)が消滅
67%
七戸十和田
67%
2月17日 二戸
67%
いわて沼宮内
67%
2月18日 北上 11〜13番線のみ、See you again・風と共にV2が消滅
67%
2月24日 千葉 通常は扱われない
67%
酒々井
67%
佐倉 蝶々のように・ムーンストーン・シーウインドが消滅
67%
物井
67%
八幡宿
67%
五井
67%
都賀 Gota Del Vient(半音低い)が駅側から消滅
67%
巌根 キッズステーションが消滅
67%
君津 首都圏36-2番(仮称)が初登場、Verde Rayo(遅い)・Verde RayoV2・Verde Rayo(エンドレス)が消滅
67%
2月25日 新青森
67%
2月28日 今井
67%
3月5日 大船 1・2番線のみ・首都圏3-16番(仮称)が初登場・Gota Del Vient(標準)が消滅
67%
3月6日 大船 3・4番線のみ・首都圏3-17番(仮称)が初登場・Cielo Estrellado(大船Ver)・Cielo Estrellado(標準)が消滅
67%
3月10日 大船 5・6番線のみ・首都圏4-3番(仮称)が初登場・Gota Del Vient(やや低い)が消滅
67%
3月11日 大船 7・8番線のみ・首都圏4-4番(仮称)が初登場・Cielo Estrellado(半音低い)がJR東日本から消滅
67%
3月12日 大船 9・10番線のみ・Water Crown(半音低い)が駅側から消滅・Water Crown(標準)が消滅
67%
3月26日 四街道 0番線のみ
67%
4月1日 塩尻 首都圏9-6番・首都圏39-4番・首都圏39-5番が初登場
67%
代々木
33%
原宿 原宿a・原宿bが消滅
33%
2月13日 秋葉原 1〜4番線のみ
33%
渋谷 JR-SH3-3 東京Verが消滅
33%
五反田
33%
SF10-43が消滅
33%
東船橋
33%
御徒町
33%
2月27日 松戸 春風V2が消滅
33%
取手
33%
3月3日 大磯
33%
鴨宮
33%
3月5日 湯河原
33%
三郷
33%
新松戸 3・4番線のみ?
33%
葛西臨海公園
33%
新浦安 JRE-IKST-001-04・07が初登場
33%
市川塩浜
33%
二俣新町
33%
小岩
33%
亀戸
33%
浅草橋
33%
新小岩
33%
西大宮
33%
千駄ケ谷
33%
6月16日 新八柱
33%
東松戸
33%
市川大野
33%
藤野
33%
6月25日 長坂
33%
市川 森の妖精・朝つゆが消滅
33%
7月14日 岡部
33%
宮原
33%
7月16日 沼田 JRE-IKST-025-01が初登場・JR-SH4-1が消滅
33%
渋川
33%
横川
33%
佐野 海辺の散歩が消滅
33%
駒形
33%
伊勢崎
33%
東鷲宮
33%
赤塚
33%
南中郷
33%
鎌取
33%
浜野 JRE-IKST-022-01・02が初登場
33%
八積
33%
茂原
33%
土気
33%
本納 JRE-IKST-027-03が初登場・Airly・ベルの響きが消滅
33%
榎戸 JRE-IKST-039-02が初登場
33%
八街 JRE-IKST-039-03が初登場
33%
11月17日 松本 首都圏9-5番・首都圏39番・首都圏39-1番・首都圏39-2番・首都圏39-3番・首都圏40番が初登場・JR-SH1-1(高音Ver)が消滅
33%
成田空港 Espranza(希望の朝)・チャイム3B4が消滅
33%
大原 首都圏33-3番が初登場・JR-SH6-3・草原・Water Crown(エンドレス)が消滅
33%
11月28日 長野原草津口
33%
12月15日 安房鴨川 朝の教会(スタートアップA)・幸せチャイム・Gota Del Vient(エンドレス)が消滅
33%
2月5日 羽沢横浜国大
33%
3月13日 くりこま高原
33%
3月19日 下総松崎
33%
3月27日 茂原 1・4番線のみ・首都圏33-4番(仮称)が初登場
33%
11月18日 空港第2ビル
33%
No matching quizzes found
Score Distribution
Percent of People with Each Score
Percentile by Number Answered
Your Score History
You have not taken this quiz since the last reset